LEADER 03603nam 22006495 450 001 9910255057903321 005 20200705112041.0 010 $a3-319-13215-6 024 7 $a10.1007/978-3-319-13215-0 035 $a(CKB)3710000000436750 035 $a(EBL)2094174 035 $a(SSID)ssj0001525058 035 $a(PQKBManifestationID)11816960 035 $a(PQKBTitleCode)TC0001525058 035 $a(PQKBWorkID)11503432 035 $a(PQKB)10270572 035 $a(DE-He213)978-3-319-13215-0 035 $a(MiAaPQ)EBC2094174 035 $a(PPN)186394667 035 $a(EXLCZ)993710000000436750 100 $a20150624d2016 u| 0 101 0 $aeng 135 $aur|n|---||||| 181 $ctxt 182 $cc 183 $acr 200 14$aThe Principles of Alternative Investments Management $eA Study of the Global Market /$fby Ewelina Soko?owska 205 $a1st ed. 2016. 210 1$aCham :$cSpringer International Publishing :$cImprint: Springer,$d2016. 215 $a1 online resource (194 p.) 300 $aDescription based upon print version of record. 311 $a3-319-13214-8 320 $aIncludes bibliographical references at the end of each chapters. 327 $aAlternative Investments on Contemporary Financial Market -- Hedge Funds -- Investment Strategies of Hedge Funds -- Funds of Funds -- Managed Futures Investments -- Structured Products -- Private Equity/Venture Capital Investments -- Conclusion -- Bibliography. 330 $aThe purpose of this book is to present the principles of alternative investments in management. The individual chapters provide a detailed analysis of various classes of alternative investments on the financial market. Despite many different definitions of alternative investments, it can be assumed that a classical approach to alternative investments includes hedge funds, fund of funds (FOF), managed accounts, structured products and private equity/venture capital. Alternative investment in keeping with this broad definition is the subject of consideration here. The theoretical part of each chapter is meant to collect, systematize and deepen readers? understanding of a given investment category, while the practical part of each focuses on an analysis of the current state of development of alternative investments on the global market and outlines the prospects of future market development. This book will be a valuable tool for scholars, practitioners and policy-makers alike.  . 606 $aCapital investments 606 $aMacroeconomics 606 $aMarketing research 606 $aInvestment Appraisal$3https://scigraph.springernature.com/ontologies/product-market-codes/612030 606 $aMacroeconomics/Monetary Economics//Financial Economics$3https://scigraph.springernature.com/ontologies/product-market-codes/W32000 606 $aMarket Research/Competitive Intelligence$3https://scigraph.springernature.com/ontologies/product-market-codes/513030 615 0$aCapital investments. 615 0$aMacroeconomics. 615 0$aMarketing research. 615 14$aInvestment Appraisal. 615 24$aMacroeconomics/Monetary Economics//Financial Economics. 615 24$aMarket Research/Competitive Intelligence. 676 $a330 676 $a332 676 $a657.8333 676 $a658.152 676 $a658.83 700 $aSoko?owska$b Ewelina$4aut$4http://id.loc.gov/vocabulary/relators/aut$0929715 906 $aBOOK 912 $a9910255057903321 996 $aThe Principles of Alternative Investments Management$92089753 997 $aUNINA LEADER 03768nam 22005895 450 001 9910337567103321 005 20251225190517.0 010 $a3-030-12804-0 024 7 $a10.1007/978-3-030-12804-3 035 $a(CKB)4100000007656749 035 $a(DE-He213)978-3-030-12804-3 035 $a(MiAaPQ)EBC5919098 035 $a(PPN)235004553 035 $a(EXLCZ)994100000007656749 100 $a20190220d2019 u| 0 101 0 $aeng 135 $aurnn|008mamaa 181 $ctxt$2rdacontent 182 $cc$2rdamedia 183 $acr$2rdacarrier 200 10$aSmart Cities $eFirst Ibero-American Congress, ICSC-CITIES 2018, Soria, Spain, September 26?27, 2018, Revised Selected Papers /$fedited by Sergio Nesmachnow, Luis Hernández Callejo 205 $a1st ed. 2019. 210 1$aCham :$cSpringer International Publishing :$cImprint: Springer,$d2019. 215 $a1 online resource (X, 205 p. 122 illus., 110 illus. in color.) 225 1 $aCommunications in Computer and Information Science,$x1865-0937 ;$v978 311 08$a3-030-12803-2 327 $aStudy of the Influence of DC-DC Optimizers on PV-Energy Generation -- Smart Campus Human Tracking: the Case of University of Málaga -- A New Model for Short-Term Load Forecasting in an Industrial Park -- PVCOM project: Manufacture of PV modules encapsulated in composite materials for integration in urban environments -- Services of energy storage technologies in renewable-based power systems -- Crowdsourcing Optimized Wireless Sensor Network Deployment in Smart Cities: A Keynote -- Analysis and characterization of thermographic defects at the PV module level -- The impact of transmission technologies on the evolution of the electrical grid -- Municipal solid waste management in smart cities: facility location of community bins -- Cloud Computing for Smart Energy Management (CC-SEM project) -- Using smart-grids capabilities as a natural hedge against novel risks coming from non-conventional renewable electricity generation -- Computational intelligence for detecting pedestrian movement patterns -- An IoT Group-Based Protocol for Smart City Interconnection -- Optimization of the dimensioning process of a very low enthalpy geothermal installation -- Waste Generation Prediction in Smart Cities through Deep Neuroevolution. . 330 $aThis book constitutes the thoroughly refereed proceedings of the First Ibero-American Congress, ICSC-CITIES 2018, held in Soria, Spain, in May 2018. The 15 full papers presented were carefully reviewed and selected from 101 submissions. The papers cover wide research fields including smart cities, energy efficiency and sustainability, infrastructures, smart mobility, intelligent transportation systems, Internet of Things, governance and citizenship. 410 0$aCommunications in Computer and Information Science,$x1865-0937 ;$v978 606 $aApplication software 606 $aComputers and civilization 606 $aMobile computing 606 $aComputer and Information Systems Applications 606 $aComputers and Society 606 $aMobile Computing 615 0$aApplication software. 615 0$aComputers and civilization. 615 0$aMobile computing. 615 14$aComputer and Information Systems Applications. 615 24$aComputers and Society. 615 24$aMobile Computing. 676 $a307.760285 676 $a307.1216 702 $aNesmachnow$b Sergio$4edt$4http://id.loc.gov/vocabulary/relators/edt 702 $aHernández Callejo$b Luis$4edt$4http://id.loc.gov/vocabulary/relators/edt 801 0$bMiAaPQ 801 1$bMiAaPQ 801 2$bMiAaPQ 906 $aBOOK 912 $a9910337567103321 996 $aSmart Cities$93584983 997 $aUNINA